Economics of power generation and strategies for sustainable development : (Record no. 147286)

MARC details
000 -LEADER
fixed length control field 00671nam a22001937a 4500
005 - DATE AND TIME OF LATEST TRANSACTION
control field 20171111114353.0
010 ## - LCCN (DPL NO)
LC control number ENG-121347
020 ## - INTERNATIONAL STANDARD BOOK NUMBER
Terms of availability 650.00
International Standard Book Number 9788129001177
035 ## - SYSTEM CONTROL NUMBER
System control number EN-104879
037 ## - SOURCE OF ACQUISITION
Source of stock number/acquisition DBAD/PUB
082 ## - DEWEY DECIMAL CLASSIFICATION NUMBER
Classification number 621.3121
100 ## - MAIN ENTRY--PERSONAL NAME
Personal name Bhargava,Nisha
245 ## - TITLE STATEMENT
Title Economics of power generation and strategies for sustainable development :
Statement of responsibility, etc by Nisha Bhargava
Remainder of title the Indian experience/
260 ## - PUBLICATION, DISTRIBUTION, ETC. (IMPRINT)
Place of publication, distribution, etc New Delh
Name of publisher, distributor, etc A New Era International Imprint
Date of publication, distribution, etc 2015
270 ## - ADDRESS
Address SCO 49-51,Sector-17C,Post Box-52
City Chandhigarh
Postal code 150017
300 ## - PHYSICAL DESCRIPTION
Extent 176p.
Dimensions 22cm.(Hb)
500 ## - GENERAL NOTE
General note Includes bibliographical references
942 ## - ADDED ENTRY ELEMENTS (KOHA)
Source of classification or shelving scheme Dewey Decimal Classification
Item type English Books
Classification part 621.3121
Call number suffix BHA
Holdings
Withdrawn status Lost status Not for loan Collection code Home library Current library Date acquired Source of acquisition Cost, normal purchase price Full call number Barcode Copy number Cost, replacement price Koha item type
      Non-fiction Shahdara Branch Shahdara Branch 11/11/2017 DBAD/PUB 650.00 621.3121 BHA EN-104879 1 650.00 English Books

© Delhi Public Library
Hit Counter
free hit counter